000 00840nam a2200229 a 4500
001 BRCA_1236
005 20190320203335.0
008 090408c1988-------a---###---#000-0#eng-#
020 _a3822802212
050 4 _aNK2395
_b.S46 1989
100 1 _aSembach, Klaús-Jürgen
_94066
245 1 0 _aDiseño del mueble en el siglo XX
_cKlaús-Jurgen Sembach, Gabriele Leuthñser y Peter Gössel ; traducción Carmen Sánchez Rodríguez
260 _aHohenzollernri
_bTaschen
_c1988
300 _a255 p.
_bil. (algunas a color)
_c30 cm.
500 _aTraducción de: Mobeldesing des zwnzingsten jahrhunderts
504 _aBibliografía: p. 254-255
650 1 4 _aMuebles
_xHistoria
_ySiglo XX
_94067
700 1 _aLeuthñser, Gabriele
_d1950-
_94068
700 1 _aGössel, Peter
_94069
700 1 _aSánchez Rodríguez, Carmen
_94070
942 _2lcc
_cB
999 _c1106
_d1106